000 00410nam a2200157Ia 4500
003 GCL
008 140319s9999 xx 000 0 ara d
040 _aGCL /
_cGCL
082 0 4 _a819.9
_bت إ
100 1 _aتوفيق الحكيم
245 1 0 _aايزيس /
_cتوفيق الحكيم
490 _aكتاب
_v0
650 0 4 _aالادب العربى
650 0 4 _aالقصة العربية
942 _2ddc
_cBK
999 _c42119
_d42119